000 01784nam a2200433 a 4500
003 BLK
005 20230718141840.0
008 180411b bul|||||r ||||||| ||bul||
010 _aKNG00175287000
040 _aBLK
041 _aBUL
_cBUL
072 7 _2bullib
_aК
_xКраезнание
080 _aРиболов (вкл. и лов на други морски животни)
_b639.2
_z639.2
110 1 _aРибарски конгр., I. Свищов. 1910
_9337533
139 _aРибарски конгр., I. Свищов. 1910
_bР 58
245 1 0 _aПърви рибарски събор
_bУреден от Русенската търг.-индустр. камара през 1910 г. в гр. Свищов
257 _aBGR
260 _aРусе
_bРусенска търг.-индустр. камара
_c1910
_fРусе : Ат. Н. Данков
300 _aIV, 212, 4, 4, 4 16 с.
_bс табл.
_c23 см
380 _a63
650 4 _aРиболов
_9169478
650 4 _aКамари, търговско-индустриални
_9280620
651 4 _aРусе
_9179462
651 4 _aСвищов
_9179504
653 _aРТИК
653 _aриболов
653 _aсъбори
653 _aконгреси
659 _aК
852 _aЦб 6.235.9235
_bЦб
852 _aК 63/Р 58
_bК
852 _aЦб 6.240.24756
_bЦб
856 _i0.00
_lreg users access
_fПърви рибарски събор
_qpdf
_uhttp://185.138.176.146:18082/cgi-bin/koha/opac-retrieve-file.pl?id=a232d5b57145a6a2a2767624baa5cf62
_xebook
_zПърви рибарски събор
942 _cKNG
_n0
_03
_s1
944 _aCR
_c15.05.2015
_k30529
_lДиана Гривева
944 _aED
_c2021-05-31
_kГГГ
999 _c167479
_d167479
999 _d167479
999 _d167479